Giới từ tiếng Anh = Prepositions

Guardado en:
Detalles Bibliográficos
Autor principal: Giới từ tiếng Anh
Formato: Libro
Lenguaje:Undetermined
Publicado: Tp. HCM Nxb. Tp. HCM 1997
Materias:
Etiquetas: Agregar Etiqueta
Sin Etiquetas, Sea el primero en etiquetar este registro!
Thư viện lưu trữ: Trung tâm Học liệu Trường Đại học Cần Thơ
LEADER 00586nam a2200181Ia 4500
001 CTU_30650
008 210402s9999 xx 000 0 und d
082 |a 425 
082 |b B534p 
100 |a Giới từ tiếng Anh 
245 0 |a Giới từ tiếng Anh 
245 0 |b = Prepositions 
245 0 |c Giới từ tiếng Anh; Dịch giả: Nguyễn Thành Yến 
260 |a Tp. HCM 
260 |b Nxb. Tp. HCM 
260 |c 1997 
650 |a english language - grammar,english language - prepositions 
980 |a Trung tâm Học liệu Trường Đại học Cần Thơ